JO d'été Réussites ou échecs des pays organisateurs... - Statistiques

Statistiques générales
  • Ce quiz a été pris 11 fois
  • Le résultat moyen est 98 sur 174
Statistiques - réponses
Hint Réponse % Correct
1900 Pays organisateur France
100%
1924 Pays organisateur France
100%
1896 Nombre de titres olympiques 5 10 ou 15 10
91%
1904 Rang dans le classement des nations 1 2 ou 3 {1} sur 12
91%
1984 Rang dans le classement des nations 1 2 ou 3 {1} sur 140
91%
1996 Rang dans le classement des nations 1 2 ou 3 {1} sur 197
91%
2008 Rang dans le classement des nations {1} sur 204
91%
1908 Rang dans le classement des nations 1 2 ou 3 {1} sur 22
91%
1900 Rang dans le classement des nations 1 2 ou 3 {1} sur 24
91%
1932 Rang dans le classement des nations 1 2 ou 3 {1} sur 37
91%
1936 Rang dans le classement des nations 1 2 ou 3 {1} sur 49
91%
1980 Rang dans le classement des nations 1 2 ou 3 {1} sur 80
91%
1896 Rang dans le classement des nations 1 2 ou 3 {2} sur 14
91%
1912 Rang dans le classement des nations 2 3 ou 4 {2} sur 28
91%
2016 Pays organisateur Brésil
91%
1976 Pays organisateur Canada
91%
1992 Pays organisateur Espagne
91%
1904 Pays organisateur Etats-Unis
91%
1932 Pays organisateur Etats-Unis
91%
1984 Pays organisateur Etats-Unis
91%
1996 Pays organisateur Etats-Unis
91%
1964 Pays organisateur Japon
91%
2020 Pays organisateur Japon
91%
1900 Nombre de titres olympiques 7 17 ou 27 27
82%
2020 Nombre de titres olympiques 17 27 ou 37 27
82%
1976 Rang dans le classement des nations 17 27 ou 37 {27} sur 92
82%
1920 Rang dans le classement des nations 4 5 ou 6 {5} sur 29
82%
1928 Rang dans le classement des nations 8 9 ou 10 {8} sur 46
82%
1952 Rang dans le classement des nations 7 8 ou 9 {8} sur 69
82%
2008 Pays organisateur Chine
82%
1908 Pays organisateur Royaume-Uni
82%
1948 Pays organisateur Royaume-Uni
82%
2012 Pays organisateur Royaume-Uni
82%
1988 Nombre de titres olympiques 12 22 ou 32 12
73%
1948 Rang dans le classement des nations 11 12 ou 13 {12} sur 59
73%
1924 Nombre de titres olympiques 13 23 ou 33 13
73%
1956 Nombre de titres olympiques 13 23 ou 33 13
73%
1960 Nombre de titres olympiques 3 13 ou 23 13
73%
1992 Nombre de titres olympiques 13 23 ou 33 13
73%
2016 Rang dans le classement des nations {13} sur 207
73%
1920 Nombre de titres olympiques 4 14 ou 24 14
73%
1968 Rang dans le classement des nations 13 14 ou 15 {15} sur 112
73%
2004 Rang dans le classement des nations {15} sur 201
73%
1964 Nombre de titres olympiques 6 16 ou 26 16
73%
2000 Nombre de titres olympiques 6 16 ou 26 16
73%
2004 Total de médailles de ce pays 16 26 ou 36 16
73%
1928 Total de médailles de ce pays 9 19 ou 29 19
73%
2016 Total de médailles de ce pays 9 19 ou 29 19
73%
1952 Total de médailles de ce pays 22 32 ou 42 22
73%
1992 Total de médailles de ce pays 12 22 ou 32 22
73%
1964 Total de médailles de ce pays 19 29 ou 39 29
73%
2012 Nombre de titres olympiques 29 39 ou 49 29
73%
1948 Nombre de titres olympiques 3 4 ou 5 3
73%
1968 Nombre de titres olympiques 3 13 ou 23 3
73%
1972 Rang dans le classement des nations 3 4 ou 5 {3} | {4} sur 121
73%
2012 Rang dans le classement des nations3 4 ou7 {3} sur 204
73%
2020 Rang dans le classement des nations {3} sur 206
73%
1924 Rang dans le classement des nations 2 3 ou 4 {3} sur 44
73%
1956 Rang dans le classement des nations 3 4 ou 5 {3} sur 72
73%
1960 Rang dans le classement des nations 2 3 ou 4 {3} sur 83
73%
1964 Rang dans le classement des nations 2 3 ou 4 {3} sur 93
73%
1996 Nombre de titres olympiques 34 44 ou 54 44
73%
1896 Total de médailles de ce pays 27 37 ou 47 47
73%
2008 Nombre de titres olympiques '48 58 ou 68 48
73%
1988 Rang dans le classement des nations 4 5 ou 6 {4} sur 159
73%
2000 Rang dans le classement des nations {4} sur 199
73%
1928 Nombre de titres olympiques 6 16 ou 26 6
73%
1952 Nombre de titres olympiques 6 16 ou 26 6
73%
2004 Nombre de titres olympiques 6 16 ou 26 6
73%
1992 Rang dans le classement des nations 5 6 ou 7 {6} sur 169
73%
2016 Nombre de titres olympiques 7 8 ou 9 7
73%
1968 Total de médailles de ce pays 9 19 ou 29 9
73%
1936 Pays organisateur Allemagne
73%
1972 Pays organisateur Allemagne
73%
1904 Discipline(s) avec le plus de médailles (67) Athlétisme
73%
1932 Discipline(s) avec le plus de médailles (35) Athlétisme
73%
1936 Discipline(s) avec le plus de médailles (16) Athlétisme
73%
1948 Discipline(s) avec le plus de médailles (7) Athlétisme
73%
1972 Discipline(s) avec le plus de médailles (27) Athlétisme
73%
1980 Discipline(s) avec le plus de médailles (39) Athlétisme
73%
1984 Discipline(s) avec le plus de médailles (40) Athlétisme
73%
2004 Discipline(s) avec le plus de médailles (3) Athlétisme
73%
1896 Discipline(s) avec le plus de médailles (9) Athlétisme | Tir
73%
1956 Pays organisateur Australie
73%
2000 Pays organisateur Australie
73%
1968 Discipline(s) avec le plus de médailles (2) Boxe | Natation
73%
1988 Pays organisateur Corée-du-Sud
73%
1896 Pays organisateur Grèce
73%
2004 Pays organisateur Grèce
73%
1968 Pays organisateur Mexique
73%
1956 Discipline(s) avec le plus de médailles (14) Natation
73%
1976 Discipline(s) avec le plus de médailles (7) Natation
73%
2000 Discipline(s) avec le plus de médailles (13) Natation
73%
1976 Total de médailles de ce pays 1 11 ou 21 11
64%
1912 Nombre de titres olympiques 13 23 ou 33 23
64%
1948 Total de médailles de ce pays 3 13 ou 23 23
64%
1972 Nombre de titres olympiques (2 parties) 16 26 ou 36 26
64%
1936 Nombre de titres olympiques 23 33 ou 43 33
64%
1988 Total de médailles de ce pays 33 43 ou 57 33
64%
1956 Total de médailles de ce pays 25 35 ou 45 35
64%
1920 Total de médailles de ce pays 26 36 ou 46 36
64%
1960 Total de médailles de ce pays 26 36 ou 46 36
64%
1924 Total de médailles de ce pays 38 48 ou 58 38
64%
1932 Nombre de titres olympiques 31 41 ou 51 41
64%
2000 Total de médailles de ce pa5 oys 58 68 ou 78 58
64%
2020 Total de médailles de ce pays 58 68 ou 78 58
64%
1984 Nombre de titres olympiques 83 93 ou 103 83
64%
1960 Pays organisateur Italie
64%
1980 Pays organisateur URSS
64%
1976 Nombre de titres olympiques 0 10 ou 20 0
55%
2008 Total de médailles de ce pays 100 110 ou 120 100
55%
1900 Total de médailles de ce pays 82 92 ou 102 102
55%
1908 Total de médailles de ce pays 146 156 ou 166 146
55%
1984 Total de médailles de ce pays 164 174 ou 184 174
55%
1980 Total de médailles de ce pays 185 195 ou 205 195
55%
1904 Total de médailles de ce pays 221 231 ou 241 231
55%
1912 Total de médailles de ce pays 45 55 ou 65 65
55%
2012 Total de médailles de ce pays 55 65 ou 75 65
55%
1980 Nombre de titres olympiques 80 90 ou 100 80
55%
1920 Pays organisateur Belgique
55%
2016 Discipline(s) avec le plus de médailles (3) Canoe-kayak | Gymnastique artistique | Judo
55%
1924 Discipline(s) avec le plus de médailles (6 médailles) Cyclisme | Escrime | Gymnastique
55%
1928 Discipline(s) avec le plus de médailles (4) Equitation | Cyclisme
55%
2020 Discipline(s) avec le plus de médailles (11) Judo
55%
1928 Pays organisateur Pays-Bas
55%
1912 Pays organisateur Suède
55%
1996 Total de médailles de ce pays 101 111 ou 121 101
45%
1932 Total de médailles de ce pays 83 93 ou 103 103
45%
1972 Total de médailles de ce pays (2 parties) 96 106 ou 116 106
45%
1908 Nombre de titres olympiques 56 66 ou 76 56
45%
1904 Nombre de titres olympiques 66 76 ou 86 76
45%
1936 Total de médailles de ce pays 69 79 ou 89 89
45%
1960 Discipline(s) avec le plus de médailles (8) Boxe
45%
1952 Pays organisateur Finlande
45%
1908 Discipline(s) avec le plus de médailles (22) Tir
45%
1912 Discipline(s) avec le plus de médailles (17) Tir
45%
2012 Discipline(s) avec le plus de médailles (11) Cyclisme
36%
1964 Discipline(s) avec le plus de médailles (10) Gymnastique
36%
1988 Discipline(s) avec le plus de médailles (8) Lutte
27%
1952 Discipline(s) avec le plus de médailles (6) Canoë-kayak
18%
2000 Meilleur(s) sportif(s) de ce pays (5 médailles) Ian {Thorpe}
9%
1988 Meilleur(s) sportif(s) de ce pays (médailles) Jae-yup {Kim} | Kyung-keun {Lee} | Young-nam [Kim} | Myung-woo {Han} | Nam-kyu {Yoo} | Soo-nyung {Kim} | Kwang-sun {Kim} | Si-hun {Park}
9%
1920 Discipline(s) avec le plus de médailles (14) Tir à l'arc
9%
1980 Meilleur(s) sportif(s) de ce pays (8 médailles) Alexander {Difyatin}
0%
1996 Meilleur(s) sportif(s) de ce pays (4 médailles) Amy {Van Dyken} | Gary {Hall}
0%
1996 Discipline(s) avec le plus de médailles (27) 27 37 ou 47 Atlantisme
0%
1984 Meilleur(s) sportif(s) de ce pays (4 médailles) Carl {Lewis} | Michael {Heath} | Nancy {Hogshead}
0%
2020 Meilleur(s) sportif(s) de ce pays (4 médailles) Daiki {Hashimoto} | Mima {Ito}
0%
1900 Meilleur(s) sportif(s) de ce pays (3 médailles) Emile {Michelet} | Félix {Michelet} | Achille {Paroche} | Jacques {Baudrier}
0%
2004 Meilleur(s) sportif(s) de ce pays (1 médaille) Fani {Halkia} | Athanasia {Tsoumeleka} | Dimosthénis {Tampakos} | Ilias {Iliadis}
0%
1904 Meilleur(s) sportif(s) de ce pays (6 médailles) George {Eyser} | Burton {Downing}
0%
1960 Meilleur(s) sportif(s) de ce pays (2 médailles) Giovanni {Carminucci} | Giuseppe {Delfino} | Livio {Trapé} | Raimondo D'Inzeo
0%
2008 Discipline(s) avec le plus de médailles (14) Gymnastique artistique
0%
1932 Meilleur(s) sportif(s) de ce pays (3 médailles) Helene {Madison} | Mildred {Didrikson}
0%
1908 Meilleur(s) sportif(s) de ce pays (3 médailles) Henry {Taylor} | Benjamin {Jones}
0%
1920 Meilleur(s) sportif(s) de ce pays (6 médailles) Hubert {Van Innis}
0%
1896 Meilleur(s) sportif(s) de ce pays (3 médailles) Ioannis {Frangoudis}
0%
2016 Meilleur(s) sportif(s) de ce pays (3 médailles) Isaquias {Queiroz}
0%
1992 Meilleur(s) sportif(s) de ce pays (1 médaille) José Manuel {Moreno} | Fermin {Cacho} | Daniel {Plaza} | Almudena {Munoz} | Miriam {Blasco Soto} | Martin {Lopez-Zubero} | José {van der Ploeg}
0%
1972 Meilleur(s) sportif(s) de ce pays (4 médailles) Karin {Janz}
0%
1936 Meilleur(s) sportif(s) de ce pays (6 médailles) Konrad {Frey}
0%
1952 Meilleur(s) sportif(s) de ce pays (2 médailles) Kurt {Wires} | Yrjo {Hietanen}
0%
1928 Meilleur(s) sportif(s) de ce pays (2 médailles) Marie {Braun} | Charles {Pahud de Mortanges}
0%
2012 Meilleur(s) sportif(s) de ce pays (2 médailles) Mohamed {Farah} | Rebecca {Adlington}
0%
1956 Meilleur(s) sportif(s) de ce pays (3 médailles) Murray {Rose} | Betty {Cuthbert} | Dawn {Fraser} | Lorraine {Crapp}
0%
1976 Meilleur(s) sportif(s) de ce pays (2 médailles) Nancy {Garapick}
0%
1968 Meilleur(s) sportif(s) de ce pays (1 médaille) Ricardo {Delgado} | Antonio {Roldan} | Felipe {Munoz}
0%
1924 Meilleur(s) sportif(s) de ce pays (5 médailles) Roger {Ducret}
0%
1948 Meilleur(s) sportif(s) de ce pays (6 médailles) Thomas {Godwin}
0%
1912 Meilleur(s) sportif(s) de ce pays (4 médailles) Vilhelm {Carlberg} | Johan {Hübner}
0%
1900 Discipline(s) avec le plus de médailles (24) Voile
0%
1992 Discipline(s) avec le plus de médailles (5) Voile
0%
1964 Meilleur(s) sportif(s) de ce pays (4 médailles) Yukio {Endo}
0%
2008 Meilleur(s) sportif(s) de ce pays (4 médailles) Zou {Kai} | Yang {Wei} | Cheng {Fei} | Yang {Yilin} | Pang {Jiaying}
0%
Aucun quiz correspondant
Distribution des résultats
% des personnes avec chaque résultat
Percentile par nombre de réponses
Votre historique - résultats
Vous n’avez pas pris ce quiz